| Поле | Инд. | ПП | Название | Значение |
|---|---|---|---|---|
| Тип записи | a | |||
| Библиографический уровень | a | |||
| 001 | Контрольный номер | 4ceede3b1dea46cd8956403f6e834fc9 | ||
| 005 | Дата корректировки | 20190201101713.5 | ||
| 100 | a | Данные общей обработки | 20190201 ||| 0rusy0189 ca | |
| 101 | 0_ | a | Язык текста | rus |
| 102 | a | Страна публикации | RU | |
| 200 | 1_ | f | Первые сведения об ответственности | А.И. Коновалов |
| a | Заглавие | Межотраслевая категория "национальное достояние" и ее соотношение с публичной собственностью | ||
| b | Общее обозначение материала | Электронный ресурс | ||
| 210 | 1_ | d | Дата издания | 2018 |
| 461 | _0 | 1 | 2000 | |
| a | Закон и право | |||
| 463 | _0 | 1 | 2000 | |
| a | № 12 | |||
| v | С. 19-23 | |||
| 1 | 2101 | |||
| d | 2018 | |||
| 1 | 0015f466bb8753f44a98aa773b211b7b3ee | |||
| 606 | a | Основная рубрика | Конституционное (государственное) право | |
| 610 | 0_ | a | Ключевые слова | РГУП |
| a | Ключевые слова | ПРАВА ЧЕЛОВЕКА | ||
| a | Ключевые слова | ОБЩЕСТВЕННЫЕ ОТНОШЕНИЯ | ||
| a | Ключевые слова | СОБСТВЕННОСТЬ | ||
| a | Ключевые слова | ГОСУДАРСТВЕННАЯ СОБСТВЕННОСТЬ | ||
| a | Ключевые слова | ПРИРОДОПОЛЬЗОВАНИЕ | ||
| a | Ключевые слова | НАЦИОНАЛЬНЫЕ ИНТЕРЕСЫ РОССИИ | ||
| 700 | _1 | a | Фамилия | Коновалов |
| b | Имя | А.И. | ||
| 801 | _0 | a | Страна | RU |
| b | Организация | РГУП | ||
| c | Дата составления | 20190201 | ||
| g | Правила каталогизации | PSBO | ||
| 801 | _1 | a | Страна | RU |
| b | Организация | РГУП | ||
| c | Дата составления | 20190201 | ||
| g | Правила каталогизации | PSBO | ||
| 901 | t | Тип документа | b | |
| w | Контрольный № источника | 5f466bb8753f44a98aa773b211b7b3ee | ||
| 905 | a | Дата ввода | 20190201 |